Wages, productivity, and worker characteristics (Registro nro. 33506)
[ vista simple ]
| 000 -LEADER | |
|---|---|
| fixed length control field | 00411 a2200133 4500 |
| 001 - CONTROL NUMBER | |
| control field | ART_43741 |
| 005 - DATE AND TIME OF LATEST TRANSACTION | |
| control field | 20260410162025.0 |
| 008 - FIXED-LENGTH DATA ELEMENTS--GENERAL INFORMATION | |
| fixed length control field | 260409a |
| 100 1# - MAIN ENTRY--PERSONAL NAME | |
| Personal name | Hellerstein, Judith K. |
| 245 10 - TITLE STATEMENT | |
| Title | Wages, productivity, and worker characteristics |
| 700 1# - ADDED ENTRY--PERSONAL NAME | |
| Personal name | Neumark, David |
| 700 1# - ADDED ENTRY--PERSONAL NAME | |
| Personal name | Troske, Kenneth R. |
| 773 0# - HOST ITEM ENTRY | |
| Title | Journal of labor economics |
| Related parts | - Vol. 17, Nº 3 (jul. 1999) |
| Record control number | REV43438 |
No hay ítems disponibles.